| 000 | 02632cam a22005414i 4500 | ||
|---|---|---|---|
| 003 | PE-LiUPU | ||
| 005 | 20250731173433.0 | ||
| 008 | 150706s r 000 0 d | ||
| 035 | _a(Sirsi) a53107 | ||
| 040 |
_aPE-LiUPU _bspa _cPE-LiUPU _erda |
||
| 049 | _aPRUA | ||
| 082 | 0 | 4 |
_a286.732 09 _bP47 _221 |
| 100 | 1 |
_aPeverini, Amaro N. , _eautor. |
|
| 245 | 1 | 0 |
_aPietro Giovanni : _bel hombre del destino / _cAmaro N. Peverini. |
| 264 | 1 |
_aEntre Ríos : _bAmaro Peverini, _c2012. |
|
| 300 |
_a177 páginas : _bilustraciones ; _c20 cm. |
||
| 336 |
_atext _2rdacontent |
||
| 337 |
_aunmediated _2rdamedia |
||
| 338 |
_avolume _2rdacarrier |
||
| 505 | 0 | _aPietro Giovanni -- La hora de América -- Tras las huellas de Pietro Giovanni -- Aparece en escena Pietro Giovanni -- Pedro Peverini en Las Garzas -- Una emoción indescriptible -- La familia de Pedro en Las Garzas -- Recuerdos de infancia en Las Toscas -- Otros destinos -- Un regalo del cielo -- Un destino no imaginado -- Lima (Perú), un nuevo desafío.-Mi último cargo en Perú. | |
| 526 | _aSEG42 | ||
| 526 | _aSEG41 | ||
| 526 | _aSEG40 | ||
| 526 | _aSEG39 | ||
| 526 | _aP94 | ||
| 526 | _aP87 | ||
| 526 | _aP86 | ||
| 526 | _aP85 | ||
| 526 | _aP77 | ||
| 526 | _aP76 | ||
| 526 | _aP35 | ||
| 600 | 1 |
_aPeverini, Pedro Juan. _d1849-1933 _vBiografía |
|
| 600 | 1 |
_aPeverini, Amaro N. _vBiografía |
|
| 650 | 0 | 4 |
_aAdventistas del Séptimo día _xHistoria _zAmérica del Sur. |
| 650 | 0 | 4 |
_aEmigración e inmigración _zSanta Fe (Provincia). |
| 910 | _agl20130904 | ||
| 942 |
_2ddc _cBOOK |
||
| 949 |
_a286.732 09 P47 _wDEWEY _c1 _i68388 _lCCODEBUL1 _mBUL _p18.00 _r0 _sY _tLIBRO _u2015-07-06 _xBIBLIOTECA _zUNKNOWN _o.STAFF. Colección General |
||
| 949 |
_a286.732 09 P47 _wDEWEY _c2 _i68389 _lCCODEBUL1 _mBUL _p18.00 _r0 _sY _tLIBRO _u2015-07-06 _xBIBLIOTECA _zUNKNOWN _o.STAFF. Colección General |
||
| 994 |
_aC0 _bPEPRU |
||
| 596 | _a1 | ||
| 999 |
_a286.732 09 P47 _wDEWEY _c55786 _i68388 _f2021-11-11 _g5 _lCCODEBUL1 _mBUL _p18.00 _r0 _sY _tBOOK _u2015-7-6 _xTEOLOGIA _zUNKNOWN _o.STAFF. Colección General _d55786 |
||
| 999 |
_a286.732 09 P47 _wDEWEY _c2 _i68389 _f2021-11-11 _g6 _lCCODEBUL1 _mBUL _p18.00 _r0 _sY _tBOOK _u2015-7-6 _xTEOLOGIA _zUNKNOWN _o.STAFF. Colección General |
||
| 999 |
_a286.732 09 P47 _wDEWEY _c3 _i70724 _f2021-11-11 _g6 _lCCODEBUL1 _mBUL _r0 _sY _tBOOK _u2016-8-22 _xTEOLOGIA _PP35 _0COMPRA _o.STAFF. Colección General |
||
| 980 |
_81 _gALBERTO SANCHEZ Responsable de Automatización |
||